Data transmission circuits data book , line drivers receivers transmission uarts (Record no. 574080)

000 -LEADER
fixed length control field 00508nam a22001697a 4500
003 - CONTROL NUMBER IDENTIFIER
control field CEME
005 - DATE AND TIME OF LATEST TRANSACTION
control field 20210628203527.0
008 - FIXED-LENGTH DATA ELEMENTS--GENERAL INFORMATION
fixed length control field 210317b xxu||||| |||| 00| 0 eng d
040 ## - CATALOGING SOURCE
Transcribing agency .
082 ## - DEWEY DECIMAL CLASSIFICATION NUMBER
Classification number 621.3815 DAT'T
100 ## - MAIN ENTRY--PERSONAL NAME
Personal name Texas Instruments
9 (RLIN) 62936
245 ## - TITLE STATEMENT
Title Data transmission circuits data book , line drivers receivers transmission uarts
260 ## - PUBLICATION, DISTRIBUTION, ETC.
Place of publication, distribution, etc. USA
Name of publisher, distributor, etc. TEXAS INSTRUMENTS
Date of publication, distribution, etc. 1993
300 ## - PHYSICAL DESCRIPTION
Extent V.P
650 ## - SUBJECT ADDED ENTRY--TOPICAL TERM
Topical term or geographic name entry element DATA BOOK-DATA TRANSMISSION CIRCUITS LINEAR PRODUCTS
9 (RLIN) 66036
942 ## - ADDED ENTRY ELEMENTS (KOHA)
Koha item type Book
Source of classification or shelving scheme
Holdings
Withdrawn status Lost status Damaged status Not for loan Permanent Location Current Location Shelving location Date acquired Total Checkouts Full call number Barcode Date last seen Price effective from Koha item type
        College of Electrical & Mechanical Engineering (CEME) College of Electrical & Mechanical Engineering (CEME) General Stacks 07/28/2017   621.3815 DAT'T CEME-28463 06/28/2021 06/28/2021 Book
© 2023 Central Library, National University of Sciences and Technology. All Rights Reserved.